|
|
|
|
| LEADER |
01582nam a22004217a 4500 |
| 001 |
34017 |
| 003 |
BD-DhAAL |
| 005 |
20181119163812.0 |
| 008 |
181119t2002 nyu||||| b||| 001 0 eng d |
| 999 |
|
|
|c 40292
|d 40292
|
| 020 |
|
|
|a 0618116494
|
| 020 |
|
|
|a 9780618116492
|
| 040 |
|
|
|a BD-DhAAL
|
| 082 |
|
|
|2 23
|a 378.12
|
| 100 |
|
|
|a McKeachie, Wilbert J.
|9 28963
|
| 245 |
|
|
|a McKeachie's teaching tips :
|b strategies, research, and theory for college and university teachers /
|c Wilbert James McKeachie ; with chapters by Nancy Chism ... [et al.]
|
| 250 |
|
|
|a 11th edition
|
| 260 |
|
|
|a Boston :
|b Houghton Mifflin Company,
|c c2002
|
| 300 |
|
|
|a xxii, 371 pages ;
|c 21 cm.
|
| 490 |
|
|
|a College teaching series
|
| 501 |
|
|
|a Includes bibliographical references (pages 335-371) and index.
|
| 526 |
|
|
|a Complimentary copy from PDC
|
| 541 |
|
|
|a Amazon.com
|e 34017
|
| 650 |
|
|
|a College teaching.
|9 28964
|
| 650 |
|
|
|a First year teachers.
|9 28965
|
| 650 |
|
|
|a Teaching
|9 28966
|
| 700 |
|
|
|a Hofer, Barbara
|9 28967
|
| 700 |
|
|
|a Svinicki, Marilla
|9 28968
|
| 700 |
|
|
|a Chism, Nancy Van Note
|9 28969
|
| 700 |
|
|
|a Zhu, Erping
|9 28970
|
| 700 |
|
|
|a Kaplan, Matthew
|9 28971
|
| 700 |
|
|
|a Coppols, Brian
|9 28972
|
| 700 |
|
|
|a Northedge, Andrew
|9 28973
|
| 700 |
|
|
|a Weinstein, Claire Ellen
|9 28974
|
| 700 |
|
|
|a Halonen, Jane
|9 28975
|
| 852 |
|
|
|a Ayesha Abed Library
|c General Stacks
|
| 942 |
|
|
|2 ddc
|c BK
|
| 952 |
|
|
|0 0
|1 0
|2 ddc
|4 0
|6 378_120000000000000_MCK
|7 0
|9 64690
|a BRACUL
|b BRACUL
|c GEN
|d 2018-11-19
|e Amazon.com
|g 1076.84
|l 0
|o 378.12 MCK
|p 3010034017
|r 2023-02-15
|t 1
|v 1076.84
|w 2018-11-19
|y BK
|